00901nam a2200277 a 450000100060000000300080000600500170001400800410003102000150007202000220008703500200010904000310012904100080016008200260016810000220019424500900021625000130030626001010031930000270042050000250044750000400047250400290051265000230054165000360056470000230060057364BD-RjUL20211209080512.0081216r19801973miu b s000 0 eng  a0879440694 a0879441305 (pbk.) a(BD-RjUL) 57488 dNNCaBD-RjULbengcBD-RjUL aeng0 a320.019223bROM 19801 aRobinson, John P.10aMeasures of social psychological attitudes /cJohn P. Robinson and Phillip R. Shaver. aRev. ed. aAnn Arbor, Mich. :bSurvey Research Center, Institute for Social Research,c1973 [Printing 1980] aviii, 750 p. ;c26 cm. a"IRS code no. 2928." aIssued with various printing dates. aIncludes bibliographies. 0aSocial psychology. 0aAttitude (Psychology)xTesting.1 aShaver, Phillip R.